000 004510000a22001690004500
003 MACL
005 20160109125404.0
008 160109b xxu||||| |||| 00| 0 eng d
040 _aMACL
_cMACL
041 _aEnglish
082 _a920/CUS
100 _aMaugras, Gaston
_930302
245 _aMemoirs of Delphine De Sabran Arquise De Custine
260 _bWilliam Heinemann Ltd
_c1912
_aLondon
650 _aBiography
_930303
942 _cBK
_k920/CUS
_2ddc
999 _c38141
_d38141